000 00613nam a2200229Ia 4500
003 OSt
005 20220925172647.0
006 a|||||r|||| 00| 0
007 ta
008 220923b |||||||| |||| 00| 0 eng d
037 _cGeneral Book
040 _aRTL
_cRTL
_beng
041 _2eng
_aeng
082 _aZ2,312.N8, N0
245 0 _aPOLLOCK AND Mulla sale of goods act, By R K Abichandani
250 _a5
260 _aBombay
_bN M Tripathi Private Ltd.
_c1990
300 _ali, 444p
_ccm.
650 _aIndian Law
942 _hZ2,312.N8, N0
_cGB
_2CC
999 _c485648
_d485648